| 000 | 00000nas 2200000za 4500 |
| 001 | 9.854927 |
| 003 | CaOODSP |
| 005 | 20221208071019 |
| 007 | cr ||||||||||| |
| 008 | 180410c20179999onc x m o s f0###b0fre|d |
| 022 | |a2817-0172 |
| 040 | |aCaOODSP|bfre |
| 043 | |an-cn--- |
| 086 | 1 |aJ23-4F-PDF |
| 245 | 00|aPrécis des faits |h[ressource électronique]. |
| 260 | |aOttawa : |bMinistère de la Justice Canada, Division de la recherche et de la statistique, |c2017- |
| 310 | |aIrrégulier |
| 500 | |aPubl. aussi en anglais sous le titre : JustFacts. |
| 692 | 07|2gccst|aSystème judiciaire |
| 710 | 1 |aCanada. |bMinistère de la justice. |bDivision de la recherche et de la statistique. |
| 775 | 08|tJustFacts |w(CaOODSP)9.854926 |